000 00647nam a2200241 i 4500
001 C2-0286549
003 PPAK
005 20180728020000.0
008 080124s1997 my |||| ||||| | may d
020 _a9830610314
040 _aPPAK
_beng
_cPPAK
_erda
082 0 4 _a499.235
_223
090 0 0 _a499.235
_bMAZ
_dR
100 0 _aMaznan Noordin,
_eauthor
245 1 0 _aKamus imbuhan mudah Crescent
264 1 _aKuala Lumpur :
_bCrescent News ,
_c1997
300 _a246 pages ;
_c13 cm
336 _2rdacontent
_atext
337 _2rdamedia
_aunmediated
338 _2rdacarrier
_avolume
650 1 0 _aBahasa Melayu - Grammer.
942 _ddc
_cB
999 _c92294
_d92294